Die 10 Länder mit dem größten GDP in Europa - Statistiken

Allgemein
  • Dieses Quiz wurde 200 mal gespielt
  • Das Durchschnittsergebnis liegt bei 9 aus 10
Antwortstatistiken
GDP in Millionen US-Dollar Land % Korrekt
3.684.816 Deutschland
99%
2.583.560 Frankreich
99%
1.937.894 Italien
97%
1.313.951 Spanien
97%
538.575 Schweden
93%
2.624.529 Vereinigtes Königreich
93%
1.527.469 Russland
86%
678.575 Schweiz
86%
825.745 Niederlande
83%
841.206 Türkei
49%
Keine übereinstimmenden Quizze gefunden
Verteilung der Resultate
Anzahl Personen mit jedem Resultat
Perzentil nach korrekt beantworteten Fragen
Ihre Resultats-Entwicklung
Sie haben dieses Quiz noch nicht gespielt